1524 1887 1998 1496 1694 1737 1131 1129 1067 1921 1499 1150 1771 1431 1257 1065 1427 1593 1546 1963 1364 1733 1506 1279 1331 1919 1444 1226 1100 1273 1655 1139 1291 1507 1821 1077 1168 1680 1672 1247 1158 1833 1234 1817 1715 1693 1429 1452 1564 1558 1429 1569 1444 1270 1207 1118 1684 1969 1009 1253 1876 1094 1778 1024 1507 1726 1216 1532 1544 1777 1320 1117 1846 1923 1872 1580 1121 1051 1222 1240 1658 1664 1261 1535 1999 1557 1207 1322 1761 1909 1420 1380 1164 1441 1506 1116 1647 1038 1977 BCNSPRNW ULIB Ver.6.0+V

เปลี่ยนเป็นภาษาไทย

Change to English
 แสดงรายละเอียดบรรณานุกรม
  กลับหน้าหลัก

Brief Record : Get Marc (ISO 2709) : E-mail record : QR code < ปิดหน้าต่าง
LEADER : 00000nam 2200000uu 4500
001    13399122415
003     ULIB
008    020711s2551 th a 000 0 tha d
020    9789742556815
090    นว.^bพ541ว
100    พัดชา
245    วิวาห์ปลูกรัก/^cพัดชา
250    พิมพ์ครั้งที่ 1
260    กรุงเทพฯ :^bศิลปาบรรณาคาร,^c2551
300    597 หน้า
945    ^p320^l0^i028015
999    ^aทศพร เกษรทอง
รายการนี้ยังไม่มีแท็ก
คุณยังไม่ได้ล็อกอิน คุณสามารถมีกิจกรรมร่วมกับเว็บไซต์ได้ แต่ต้องล็อกอินก่อน ::
  ล็อกอิน

รายการสื่อสารสนเทศ

ลำดับที่ ประเภท เลขเรียก/บาร์โค้ด สถานที่ สถานะ
1. นวนิยาย
นวนิยาย
นว. พ541ว ฉ.1 
  Barcode: 028015
ห้องสมุดวิทยาเขตสวรรค์ประชารักษ์
►นวนิยาย
บนชั้น
  ขอยืม

รายการใกล้เคียง
    ผู้แต่ง [พัดชา]

BibComment


ยังไม่เคยถูกคอมเมนท์

คอมเมนท์ทรัพยากรรายการนี้
  คอมเมนท์: วิวาห์ปลูกรัก พัดชา


 Copyright 2026. Bcnsprnw @Library